Visualizzazione normale
Vista MARC
- Massenet Jules
di Personal Name
Records bibliografici associati: 1
001 - CONTROL NUMBER
- control field: 15740
003 - CONTROL NUMBER IDENTIFIER
- control field: IT-RoPau
005 - DATE AND TIME OF LATEST TRANSACTION
- control field: 20140311210708.0
008 - FIXED-LENGTH DATA ELEMENTS
- fixed length control field: 140311|| aca||aabn | a|a d
040 ## - CATALOGING SOURCE
- Original cataloging agency: IT-RoPau
- Transcribing agency: IT-RoPau
100 ## - HEADING--PERSONAL NAME
- Personal name: Massenet Jules
- Relator term: Autore musica
- Miscellaneous information: Codice autore musica SPICS: 4044
- Name of part/section of a work: Meditazione
670 ## - SOURCE DATA FOUND
- Source citation: Work cat.: (IT-RoPau)103279: AA.VV. 794, Meditazioni Trumpet In Classic